¿Dónde está la Capital en el Mapa del País? - Opción Múltiple - Estadísticas

Estadísticas generales
  • Esta prueba ha sido intentada 6.947 veces
  • La puntuación promedio es 10 de 15
Estadísticas de respuestas
Pregunta Respuesta % Correcto
¿Dónde está la capital de España?
93%
¿Dónde está la capital de Francia?
88%
¿Dónde está la capital del Reino Unido?
78%
¿Dónde está la capital de Alemania?
75%
¿Dónde está la capital de Estados Unidos?
70%
¿Dónde está la capital de la India?
67%
¿Dónde está la capital de Brasil?
67%
¿Dónde está la capital de Turquía?
66%
¿Dónde está la capital de Japón?
61%
¿Dónde está la capital de Egipto?
59%
¿Dónde está la capital de Australia?
58%
¿Dónde está la capital de China?
58%
¿Dónde está la capital de Suecia?
57%
¿Dónde está la capital de Canadá?
56%
¿Dónde está la capital de Marruecos?
35%
No se encontraron pruebas coincidentes
Distribución de puntuación
Porcentaje de gente con cada puntuación
Porcentaje por número respondido
Historial de tus puntuaciones
No has intentado esta prueba.